|
|
|
|
| LEADER |
00000nam a2200000 a 4500 |
| 001 |
vtls001397491 |
| 003 |
SK-MaSNL |
| 005 |
20260301201849.0 |
| 008 |
251113s1999 PL r 0 pol |
| 020 |
|
|
|a 8323312419
|c [110,00]
|
| 035 |
|
|
|a SNK000351900
|
| 040 |
|
|
|a SNK
|b slo
|c SNK
|e AACR2
|
| 044 |
|
|
|a PL
|
| 080 |
|
|
|a 947.0
|2 1981
|
| 245 |
1 |
|
|a Filozofia rosyjska wobec problemów modernizacyjnych
|c pod redkcja Włodzimierza Rydzewskiego i Michała Bohuna
|
| 260 |
|
|
|a Kraków
|b Uniwersytet Jagielloński
|c c1999
|
| 300 |
|
|
|a 181 s.
|c 23 cm
|
| 490 |
1 |
|
|a Jagiellońskie studia z filozofii rosyjskiej. Historia - religia - polityka
|v 1
|
| 651 |
|
7 |
|a Rusko
|2 SNK
|9 17250
|
| 700 |
1 |
|
|a Rydzewski, Włodzimierz,
|d 1946-2007
|4 upr
|9 583057
|
| 700 |
1 |
|
|a Bohúň, Peter Michal,
|d 1822-1879
|4 upr
|9 52275
|
| 830 |
|
0 |
|a Jagiellońskie studia z filozofii rosyjskiej. Historia - religia - polityka
|9 506869
|
| 919 |
|
|
|a 83-233-1241-9
|
| 999 |
|
|
|c 896594
|d 898524
|
| 952 |
|
|
|t P60, <04>, [BOOK], {604}
|a SNK
|b SNK
|y VYP
|7 0
|p 17A0253283
|o snkIC 128914
|i snkV 1637/2000
|0 0
|1 0
|4 0
|d 2000-10-10
|l 0
|r 2005-01-02 00:00:00
|w 2026-02-24
|